QUIZZINE - Statistiques

Statistiques générales
  • Ce quiz a été pris 43 fois
  • Le résultat moyen est 7 sur 15
Statistiques - réponses
Hint Réponse % Correct
Belgique Frite
94%
Italie Pizza
92%
Japon Sushi
92%
Espagne Paella
86%
Mexique Tacos
83%
Maroc Tajine
69%
Suisse Raclette
50%
Mali Mafé
44%
Inde Curry
28%
États-unis Hot Dog
19%
Thaïlande Pad Thaï
19%
Italie Lasagnes
17%
Chine Ramen
17%
Allemagne Kebab
3%
France Croque Monsieur
0%
Aucun quiz correspondant
Distribution des résultats
% des personnes avec chaque résultat
Percentile par nombre de réponses
Votre historique - résultats
Vous n’avez pas pris ce quiz